Statistiche per Paesi più grandi del mondo

Clicka qui per fare il quiz!

Statistiche generali

  • Questo quiz è stato fatto 1,589 volte
  • Il punteggio medio è 17 su 20

Statistiche sulle risposte

Superficie Paese % Corretto
17,098,242Russia
100%
9,640,821Cina
99%
9,526,468Stati Uniti
99%
9,984,670Canada
99%
8,514,877Brasile
97%
7,692,024Australia
96%
3,287,590India
96%
2,780,400Argentina
93%
1,964,375Messico
88%
1,564,110Mongolia
84%
2,381,741Algeria
83%
2,344,858Rep. Dem. del Congo
81%
2,724,900Kazakistan
81%
2,149,690Arabia Saudita
76%
1,648,195Iran
74%
1,904,569Indonesia
71%
1,759,540Libia
69%
1,886,068Sudan
66%
1,285,216Perù
54%
1,284,000Ciad
51%

Distribuzione punteggi

Percentile per numero di risposta

Percentuale di utenti per punteggio

I tuoi punteggi nel tempo

Non hai fatto questo quiz